000
00306nam a2200133Ia 4500
005
20251222155103.0
008
251222s9999||||xx |||||||||||||| ||spa||
082
_a
SIQ.17
100
_a
MELGAREJO A.
245
0
_a
El Hábito de Fumar Cigarrillos
250
_a
1ra. ed.
264
_b
Lozano
942
_c
LIB
999
_c
37743
_d
37743